[Event "Foment Martinenc op-A 20th"]
[Site "Barcelona"]
[Date "2018.05.26"]
[Round "6"]
[White "Fernandez Aguilar, Francisco"]
[Black "Nigalidze, Zviad"]
[Result "1-0"]
[WhiteElo "2063"]
[BlackElo "1971"]
[PlyCount "97"]
[EventDate "2018.04.21"]
[EventType "swiss"]
[EventRounds "9"]
[EventCountry "ESP"]
[SourceTitle "CBM 184 Extra"]
[Source "ChessBase"]
[SourceDate "2018.06.28"]
[SourceVersion "1"]
[SourceVersionDate "2018.06.28"]
[SourceQuality "1"]

1. Nf3 d5 2. g3 Nc6 3. d4 Bf5 4. Bg2 Nb4 5. Na3 e6 6. 0-0 Nc6 7. Nb1 Nb4 8. Na3 Nc6 9. c4 Bxa3 10. cxd5 Bxb2 11. Bxb2 exd5 12. Ne5 Nge7 13. Nxc6 bxc6 14. Ba3 0-0 15. Qa4 Bd7 16. Qa5 Re8 17. Bxe7 Rxe7 18. e3 Bf5 19. Rfc1 Qe8 20. Rxc6 Qxc6 21. Bxd5 Qb6 22. Qxb6 cxb6 23. Bxa8 Rc7 24. e4 Rc8 25. Bb7 Rc7 26. Bd5 Be6 27. Ba8 Rc8 28. Bb7 Rc7 29. Ba6 Rc2 30. d5 Bd7 31. a4 Kf8 32. Bb5 Ke7 33. e5 Rc5 34. d6+ Ke6 35. f4 Bc6 36. f5+ Kd7 37. Bxc6+ Rxc6 38. Rd1 Rc4 39. e6+ fxe6 40. fxe6+ Kd8 41. Rf1 Ke8 42. e7 Kd7 43. Rf8 Re4 44. Rd8+ Kc6 45. e8Q+ Rxe8 46. Rxe8 Kxd6 47. Rg8 Kc5 48. Rxg7 a5 49. Rxh7 1-0

[Event "Foment Martinenc op-A 20th"]
[Site "Barcelona"]
[Date "2018.05.19"]
[Round "5"]
[White "Nigalidze, Zviad"]
[Black "Pera Muntasell, Marc"]
[Result "1-0"]
[WhiteElo "1971"]
[BlackElo "1883"]
[PlyCount "113"]
[EventDate "2018.04.21"]
[EventType "swiss"]
[EventRounds "9"]
[EventCountry "ESP"]
[SourceTitle "CBM 184 Extra"]
[Source "ChessBase"]
[SourceDate "2018.06.28"]
[SourceVersion "1"]
[SourceVersionDate "2018.06.28"]
[SourceQuality "1"]

1. e4 c5 2. Nf3 d6 3. d4 cxd4 4. Nxd4 Nf6 5. Nc3 a6 6. Bg5 e6 7. Be2 Be7 8. 0-0 0-0 9. a4 Nc6 10. Nxc6 bxc6 11. a5 Rb8 12. b3 Qc7 13. Bf4 Rd8 14. Be3 c5 15. Bf4 Bb7 16. f3 Nh5 17. g3 Nxf4 18. gxf4 d5 19. e5 f6 20. Qe1 fxe5 21. Bd3 Bf6 22. Rd1 exf4 23. Qxe6+ Qf7 24. Bxh7+ Kf8 25. Qb6 Rbc8 26. Kh1 Rc6 27. Bg6 Qxg6 28. Qxb7 Bxc3 29. Rg1 Qf6 30. Rxg7 Qxg7 31. Qxc6 Bd4 32. c3 Be3 33. c4 Re8 34. cxd5 Bd4 35. Qxa6 Qg5 36. Qd6+ Kg8 37. Qd7 Kf8 38. Qd6+ Kf7 39. a6 Rh8 40. Qe6+ Kf8 41. Qe2 Rg8 42. Qf1 Qxd5 43. Qh3 Qxb3 44. Re1 Be3 45. a7 Kf7 46. Qh7+ Kf6 47. Qh6+ Ke5 48. Qc6 Qa2 49. Qxc5+ Kf6 50. Qc6+ Kf5 51. Qd7+ Kf6 52. Qd6+ Kg7 53. Qe7+ Kh6 54. Qf6+ Rg6 55. Qh8+ Kg5 56. a8Q Qd2 57. Qad8+ 1-0

[Event "Foment Martinenc op-A 20th"]
[Site "Barcelona"]
[Date "2018.05.12"]
[Round "4"]
[White "Bieg Pagel, Clemens"]
[Black "Nigalidze, Zviad"]
[Result "0-1"]
[WhiteElo "1849"]
[BlackElo "1971"]
[PlyCount "102"]
[EventDate "2018.04.21"]
[EventType "swiss"]
[EventRounds "9"]
[EventCountry "ESP"]
[SourceTitle "CBM 184 Extra"]
[Source "ChessBase"]
[SourceDate "2018.06.28"]
[SourceVersion "1"]
[SourceVersionDate "2018.06.28"]
[SourceQuality "1"]

1. e4 c5 2. Nf3 Nc6 3. d4 cxd4 4. Nxd4 e5 5. Nb5 d6 6. N1c3 a6 7. Na3 Nf6 8. Nc4 Bg4 9. f3 Bh5 10. Be3 b5 11. Nb6 Rb8 12. Nbd5 Be7 13. Qd2 0-0 14. g4 Nxd5 15. Nxd5 Bh4+ 16. Kd1 Bg6 17. c3 Ne7 18. Ke2 Nxd5 19. Qxd5 Qc7 20. Rd1 Rfd8 21. Rd2 Kh8 22. g5 f5 23. exf5 Bxf5 24. Kd1 b4 25. c4 b3 26. a3 Bc8 27. Be2 Bb7 28. Qe6 d5 29. Qg4 dxc4 30. Qxh4 c3 31. g6 Rxd2+ 32. Bxd2 c2+ 33. Kc1 h6 34. Bxh6 gxh6 35. Qxh6+ Kg8 36. Rg1 Rd8 37. Bc4+ Bd5 38. Bd3 Qg7 39. Qg5 Rd7 40. Re1 Be6 41. Bxa6 e4 42. Be2 Rd5 43. Qg3 exf3 44. Qb8+ Qf8 45. Qxf8+ Kxf8 46. Bxf3 Rg5 47. Kd2 Rxg6 48. Be4 Rh6 49. Re2 Bf5 50. Rf2 Rd6+ 51. Bd3 Rxd3+ 0-1